¿Hay una teoría no idealista de la constitución? /

Este artículo intenta mostrar que una teoría de la constitución de los objetos del conocimiento no conlleva necesariamente una teoría idealista del conocimiento. El punto de partida es, por un lado, la reconstrucción de los principales elementos de la teoría husserliana de la constitución y, por otr...

Full description

Bibliographic Details
Main Author: Crespo, Mariano
Format: Analitica de revista
Language:Spanish
Published: Santiago, Chile Universidad de Chile 2009
Subjects:
Online Access:Acceso electrónico al documento

MARC

LEADER 00000cab a2200000 a 4500
001 040455
003 UAHC_CL
005 20180801155616.0
008 060901s2009 cl 000 spa
952 |0 0  |1 0  |4 0  |6 REV___FILOS_65_09_000000000000000  |7 0  |8 General  |9 76178  |a BC  |b BC  |c General  |d 2017-08-03  |l 0  |o REV. FILOS.-65/09  |p FICTICIO15006  |r 2019-01-08 00:00:00  |t 1  |w 2017-08-03  |y REVA 
999 |c 40455  |d 40455 
040 |a UAHC_CL  |c UAHC_CL  |d UAHC_CL 
100 1 |a Crespo, Mariano 
245 1 0 |a ¿Hay una teoría no idealista de la constitución? /  |c Mariano Crespo. 
260 |b Universidad de Chile  |a Santiago, Chile  |c 2009 
300 |a pp. 105-114 
500 |a En: Revista de filosofía, no. 65, 2009. p. 105-114. ISSN 00348236. 
520 |a Este artículo intenta mostrar que una teoría de la constitución de los objetos del conocimiento no conlleva necesariamente una teoría idealista del conocimiento. El punto de partida es, por un lado, la reconstrucción de los principales elementos de la teoría husserliana de la constitución y, por otro, el análisis de un argumento usado por Husserl en las Investigaciones lógicas a fin de probar la existencia de objetos ideales. En este orden de cosas, Antonio Millán-Puelles ha mostrado la posibilidad de una "génesis intencional" de los objetos en el sentido del surgimiento de éstos ante la conciencia. 
650 4 |a REALISMO 
650 4 |a FENOMENOLOGIA 
653 |a ANTROPOLOGIA 
773 0 |t Revista de Historia Indígena.  |w 034069 
856 |u http://www.scielo.cl/scielo.php?script=sci_arttext&pid=S0718-43602009000100007  |y Acceso electrónico al documento 
900 |a REV. FILOS.-65/09 
942 |c REVA  |2 ddc